Nommez ces personnages de One Piece #1 - Statistiques

Statistiques générales
  • Ce quiz a été pris 547 fois
  • Le résultat moyen est 10 sur 16
Statistiques - réponses
Par images Réponse % Correct
Tom
88%
Joz
86%
Rouge
85%
Vergo
82%
Gin
81%
Sentomaru
77%
Makino
76%
Dorry
71%
Laura
62%
Daifuku
52%
Genzo
48%
Shiryu
48%
Sora
45%
Sarquiss
30%
Laki
25%
Koza
24%
Aucun quiz correspondant
Distribution des résultats
% des personnes avec chaque résultat
Percentile par nombre de réponses
Votre historique - résultats
Vous n’avez pas pris ce quiz